LEADER 01532nam--2200421---450- 001 990000735250203316 005 20100609152333.0 010 $a3-428-06642-1 035 $a0073525 035 $aUSA010073525 035 $a(ALEPH)000073525USA01 035 $a0073525 100 $a20011112d1989----km-y0itay0103----ba 101 $ager 102 $aDE 105 $a||||||||001yy 200 1 $a<> Sachverständigenrat zur Begutachtung der gesamtwirtschaftlichen Entwicklung$eaufgaben und Rechtsstellung$fvon Norbert Kämper 210 $aBerlin$cDuncker & Humblot$dc1989 215 $a138 p$d24 cm 225 2 $aSchriften zum Öffentlichen Recht$v561 410 $aSchriften zum Öffentlichen Recht$12001$v0651 606 0 $aGermania occidentale $xPolitica economica$z1974 676 $a338.943 700 1$aKÄMPER,$bNorbert$0407723 801 0$aIT$bsalbc$gISBD 912 $a990000735250203316 951 $aXXIV.1. Coll. 1/ 153 (COLL. AVO 561)$b66457 EC$cXXIV.1. Coll. 1/ 153 (COLL. AVO)$d00270577 959 $aBK 969 $aGIU 979 $aPATTY$b90$c20011112$lUSA01$h1608 979 $c20020403$lUSA01$h1721 979 $aPATRY$b90$c20040406$lUSA01$h1651 979 $aFIORELLA$b90$c20071004$lUSA01$h1219 979 $aRSIAV4$b90$c20100609$lUSA01$h1523 979 $aCHIARA$b90$c20120517$lUSA01$h0928 979 $aCHIARA$b90$c20120517$lUSA01$h0928 996 $aSachverständigenrat zur Begutachtung der gesamtwirtschaftlichen Entwicklung$9658267 997 $aUNISA LEADER 03283nam 22008054a 450 001 9910972646103321 005 20081112030041.0 010 $a9786613035950 010 $a9781283035958 010 $a1283035952 010 $a9780822391159 010 $a0822391155 024 7 $a10.1515/9780822391159 035 $a(CKB)1000000000757430 035 $a(EBL)1170579 035 $a(OCoLC)271244059 035 $a(SSID)ssj0000390559 035 $a(PQKBManifestationID)12112123 035 $a(PQKBTitleCode)TC0000390559 035 $a(PQKBWorkID)10450949 035 $a(PQKB)10197374 035 $a(MiAaPQ)EBC1170579 035 $a271244059 035 $a(DE-B1597)553718 035 $a(DE-B1597)9780822391159 035 $a(OCoLC)1125536646 035 $a(Perlego)1467218 035 $a(EXLCZ)991000000000757430 100 $a20081112d2008 uy 0 101 0 $aeng 135 $aur|n|---||||| 181 $ctxt 182 $cc 183 $acr 200 10$aAbalone tales $ecollaborative explorations of sovereignty and identity in native California /$fLes W. Field ; with Cheryl Seidner ... [et al.] 210 $aDurham, N.C. $cDuke University Press$d2008 215 $a1 online resource (210 p.) 225 1 $aNarrating native histories 300 $aDescription based upon print version of record. 311 08$a9780822342335 311 08$a0822342332 311 08$a9780822342168 311 08$a0822342162 320 $aIncludes bibliographical references and index. 327 $aIntroduction: Why abalone? the making of a collaborative research project -- The old Abalone necklaces and the possibility of a Muwekma Ohlone cultural patrimony -- Abalone woman attends the Wiyot reawakening -- Florence Silva and the legacy of John Boston : responsibility at the intersection of friendship and ethnography -- Reflections on the Iridescent One -- Cultural revivification in the Hoopa valley -- Extinction narratives and pristine moments : evaluating the decline of Abalone -- Conclusion: Horizons of collaborative research. 330 $aExamines the meaning of abalone among past and present California Indian tribes and how these interpretations of its meaning address larger issues of sovereignty and identity within the tribes. 410 0$ae-Duke books scholarly collection. 410 0$aNarrating native histories. 606 $aIndians of North America$xFishing$zCalifornia 606 $aIndians of North America$xEthnozoology$zCalifornia 606 $aIndians of North America$zCalifornia$xSocial life and customs 606 $aAbalone culture$zCalifornia$xHistory 606 $aAbalones$xSocial aspects$zCalifornia 606 $aAbalones$zCalifornia$vFolklore 615 0$aIndians of North America$xFishing 615 0$aIndians of North America$xEthnozoology 615 0$aIndians of North America$xSocial life and customs. 615 0$aAbalone culture$xHistory. 615 0$aAbalones$xSocial aspects 615 0$aAbalones 676 $a639/.4832 676 $a639.4832 700 $aField$b Les W$01814935 801 0$bMiAaPQ 801 1$bMiAaPQ 801 2$bMiAaPQ 906 $aBOOK 912 $a9910972646103321 996 $aAbalone tales$94369163 997 $aUNINA